000 00522nam a2200205Ia 4500
003 OSt
005 20220926045225.0
006 a|||||r|||| 00| 0
007 ta
008 220923b |||||||| |||| 00| 0 eng d
037 _cGeneral Book
040 _aRTL
_cRTL
_beng
041 _2eng
_aeng
082 _aX9.2sN66, L3.5
245 0 _aAnnual survey of industries 1966
_b Census sector
260 _c1966
300 _a110p
_ccm.
942 _hX9.2sN66, L3.5
_cGB
_2CC
999 _c677001
_d677001